A Barbie Jelenség - Feminista értelmezések és társadalmi viták
| Szerző: | |
|---|---|
| További közreműködők: | |
| Dokumentumtípus: | Diplomadolgozat |
| Kulcsszavak: | Barbie feminizmus film(ek) nemi diszkrimináció női egyenjogúság |
| Online Access: | http://dolgozattar.uni-bge.hu/59950 |
MARC
| LEADER | 00000nta a2200000 i 4500 | ||
|---|---|---|---|
| 001 | dolg59950 | ||
| 005 | 20260409145804.0 | ||
| 008 | 260409suuuu hu om 000 hun d | ||
| 040 | |a BGE Dolgozattár Repozitórium |b hun | ||
| 041 | |a hu | ||
| 100 | 1 | |a Félegyházi Beatrix Cecília | |
| 245 | 1 | 2 | |a A Barbie Jelenség - Feminista értelmezések és társadalmi viták |c Félegyházi Beatrix Cecília |h [elektronikus dokumentum] |
| 520 | 3 | |a Dolgozatomban a társadalmi nemi egyenlőtlenségek és azok reprezentációjának vizsgálatán keresztül a Barbie babát és a 2023-ban megjelent Barbie film társadalmi hatásait elemzem. A szakirodalmi áttekintés során bemutatott fogalmak, mint a szexizmus, nőgyűlölet és a feminizmus néhány fajtája (liberális, radikális, interszekcionális, posztmodern) az elméleti alapjait adják a munkámnak. Ezt követően bemutatom, hogy egyesek szerint a feminista ikon, míg mások szerint a káros minta, azaz a Barbie baba hogyan jött létre és milyen hatásai vannak a társadalomra. Minezekre építve vizsgálom a Barbie film körül kialakult társadalmi párbeszédeket, amely túlmutat a szórakoztatópiacon: a film szociokulturális jelenségként értelmezhető, amely emberek tömegeit mozgatta meg és új vitákat nyitott a nemi szerepekről, az egyenlőségről és a feminizmusról. | |
| 695 | |a Barbie | ||
| 695 | |a feminizmus | ||
| 695 | |a film(ek) | ||
| 695 | |a nemi diszkrimináció | ||
| 695 | |a női egyenjogúság | ||
| 700 | 1 | |a Hübner Andrea Gabriella |e ths | |
| 856 | 4 | 0 | |u http://dolgozattar.uni-bge.hu/59950/1/F%C3%A9legyh%C3%A1zi_Beatrix_Cec%C3%ADlia_Szakdolgozat_Barbie_Jelens%C3%A9g.pdf |z Dokumentum-elérés |
| 856 | 4 | 0 | |u http://dolgozattar.uni-bge.hu/59950/2/F%C3%A9legyh%C3%A1zi%20Beatrix%20b%C3%ADr%C3%A1lat%20Farkas.pdf |z Dokumentum-elérés |
| 856 | 4 | 0 | |u http://dolgozattar.uni-bge.hu/59950/3/F%C3%A9legyh%C3%A1zi%20Cec%C3%ADlia..pdf |z Dokumentum-elérés |